LEADER 01611oam 2200469zu 450 001 996201211003316 005 20210807003433.0 035 $a(CKB)111026746751018 035 $a(SSID)ssj0000558307 035 $a(PQKBManifestationID)12169159 035 $a(PQKBTitleCode)TC0000558307 035 $a(PQKBWorkID)10559177 035 $a(PQKB)11588949 035 $a(EXLCZ)99111026746751018 100 $a20160829d1996 uy 101 0 $aeng 181 $ctxt 182 $cc 183 $acr 200 10$a10th European Frequency and Time Forum : 5-7 March 1996 210 31$a[Place of publication not identified]$cIEE$d1996 225 0 $aConference publication 10th European Frequency and Time Forum 300 $aBibliographic Level Mode of Issuance: Monograph 311 $a0-85296-661-X 606 $aTime measurements$xCongresses 606 $aFrequencies of oscillating systems$xCongresses 606 $aAstronomy & Astrophysics$2HILCC 606 $aPhysical Sciences & Mathematics$2HILCC 606 $aPractical & Spherical Astronomy$2HILCC 615 0$aTime measurements$xCongresses 615 0$aFrequencies of oscillating systems$xCongresses 615 7$aAstronomy & Astrophysics 615 7$aPhysical Sciences & Mathematics 615 7$aPractical & Spherical Astronomy 676 $a529/.7 712 02$aInstitution of Electrical Engineers 712 12$aEuropean Frequency and Time Forum. 801 0$bPQKB 906 $aBOOK 912 $a996201211003316 996 $a10th European Frequency and Time Forum : 5-7 March 1996$92536790 997 $aUNISA